El Padre José (Record no. 166375)

MARC details
000 -LEADER
campo de control de longitud fija 01203nam a22002175i 4500
001 - NÚMERO DE CONTROL
campo de control 166375
003 - IDENTIFICADOR DE NÚMERO DE CONTROL
campo de control ES-MaACL
005 - FECHA Y HORA DE LA ÚLTIMA TRANSACCIÓN
campo de control 20230906213323.0
008 - DATOS DE LONGITUD FIJA--INFORMACIÓN GENERAL
campo de control de longitud fija 000216s1896 sp |||| | spa d
100 1# - ENTRADA PRINCIPAL--NOMBRE DE PERSONA
Nombre de persona Tolosa Latour, Manuel,
Fechas asociadas al nombre 1857-1919
9 (RLIN) 110485
245 13 - MENCIÓN DEL TÍTULO
Título El Padre José
Resto del título : recuerdos de la vida y obras de un fraile franciscano /
Mención de responsabilidad, etc. [Manuel de Tolosa Latour].
260 ## - PUBLICACIÓN, DISTRIBUCIÓN, ETC.
Lugar de publicación, distribución, etc. Madrid :
Nombre del editor, distribuidor, etc. [s.n.],
Fecha de publicación, distribución, etc. 1896 (
Fabricante Imp. y Lit. del Asilo de Huérfanos del Sagrado Corazón de Jesús)
300 ## - DESCRIPCIÓN FÍSICA
Extensión 116 p., [1] h. de lám., [3] h. pleg. de lám., [1] h. pleg. de map. , [1] h. pleg. de plan. ;
Dimensiones 19 cm.
530 ## - NOTA DISPONIBLE DE FORMULARIO FÍSICO ADICIONAL
Nota de formato físico adicional disponible Disponible en formato digital.
594 ## - Nota al título y mención de responsabilidad
Nota al título y mención de responsabilidad Según José López, "Catálogo bibliográfico de la misión franciscana de Marruecos", Tanger, 1924 , n. 64, p. 16, el autor es Manuel Tolosa Latour.
599 ## - NOTA A LAS ILUSTRACIONES
NOTA A LAS ILUSTRACIONES Las h. de lám., plan. y map. son litogr., siendo la primera retrato del Padre José Lerchundi.
600 04 - PUNTO DE ACCESO ADICIONAL DE MATERIA--NOMBRE DE PERSONA
Nombre de persona Lerchundi, José.
9 (RLIN) 71754
852 ## - LOCALIZACIÓN
Ubicación ES-MaACL
Número de control de estantería T-759-F-6
Nota libre - Enc. hol., conservando la enc. original
-- - Enc. en un vol. facticio
856 ## - LOCALIZACIÓN Y ACCESO ELECTRÓNICOS
Identificador Uniforme de Recursos <a href="http://bdh-rd.bne.es/viewer.vm?id=0000236868&page=1 ">http://bdh-rd.bne.es/viewer.vm?id=0000236868&page=1 </a>
Nota pública Biblioteca Digital Hispánica
Holdings
Estatus retirado Estado de pérdida Estado de daño No para préstamo Colección Biblioteca de origen Biblioteca actual Ubicación en estantería Fecha de adquisición Total de préstamos Signatura topográfica completa Código de barras Visto por última vez Precio de reemplazo Tipo de ítem Koha
        Colección de folletos Biblioteca del Ateneo de Madrid Biblioteca del Ateneo de Madrid Depósito folletos 17/01/2008   T-759-F-6 1174490 23/02/2023 23/02/2023 Folleto